Deutsche Biathleten mit Individual Medaille - Statistiken

Allgemein
  • Dieses Quiz wurde 564 mal gespielt
    230 seit der letzten Aktualisierung
  • Das Durchschnittsergebnis liegt bei 13 aus 39
Antwortstatistiken
Anzahl Antwort % Korrekt
14 Laura Dahlmeier
88%
11 Magdalena Neuner
88%
3 Franziska Preuss
81%
2 Simon Schempp
70%
4 Arnd Peiffer
69%
14 Sven Fischer
68%
3 Benedikt Doll
67%
2 Erik Lesser
66%
9 Kati Wilhelm
66%
1 Fritz Fischer
63%
6 Denise Herrmann
62%
6 Andrea Henkel
61%
13 Ricco Groß
53%
11 Uschi Disl
51%
1 Vanessa Hinz
48%
9 Martina Glagow
38%
5 Michael Greis
38%
3 Eberhard Rösch
33%
1 Andreas Birnbacher
30%
8 Frank Luck
28%
1 Janina Hettich-Walz
28%
6 Mark Kirchner
26%
2 Simone Hauswald
22%
10 Frank Ullrich
18%
1 Tina Bachmann
13%
5 Petra Schaaf
12%
3 Katrin Apel
10%
4 Peter Angerer
10%
1 Alexander Wolf
8%
1 Christoph Stephan
8%
8 Frank-Peter Roetsch
8%
2 Antje Misersky
5%
3 Klaus Siebert
4%
4 Martina Zellner
4%
3 André Sehmisch
2%
2 Matthias Jacob
2%
1 Dieter Speer
1%
1 Günter Bartnik
0%
1 Hansjörg Knauthe
0%
Keine übereinstimmenden Quizze gefunden
Verteilung der Resultate
Anzahl Personen mit jedem Resultat
Perzentil nach korrekt beantworteten Fragen
Ihre Resultats-Entwicklung
Sie haben dieses Quiz seit der letzten Aktualisierung nicht gespielt